| 000 | 00000nam##2200000za#4500 |
| 001 | 9.615190 |
| 003 | CaOODSP |
| 005 | 20210615101025 |
| 007 | ta |
| 008 | 150406|2000||||xxc||||| f|0| 0 eng|d |
| 022 | |a0706-6457 |
| 040 | |aCaOODSP|beng |
| 043 | |an-cn--- |
| 086 | 1 |aFs97-6/2310E |
| 110 | 1 |aCanada. |bDepartment of Fisheries and Oceans. |
| 245 | 12|aA mass balance model of the Newfoundland-Labrador shelf / |cby Alida Bundy, George R. Lilly and Peter A. Shelton. |
| 260 | |aOttawa - Ontario : |bFisheries and Oceans Canada |c2000. |
| 300 | |axiv, 157p. : |bfigs., graphs, references, tables ; |c28 cm. |
| 490 | 1 |aCanadian technical report of fisheries and aquatic sciences|x0706-6457|v2310 |
| 500 | |a"Mass-balance biomass models are being used globally as an efficient and useful method to systematize ecosystems and explore their properties... They represent the complexity of an ecosystem in a relatively simple way and are useful as a diagnostic tool... The model presented in this paper originated in a workshop that was held at the Northwest Atlantic Fisheries Centre, St. John's, NF, Canada 14-22 October 1993."--Page 1. Prepared at the Sciences, Oceans and Environment Branch, Department of Fisheries and Oceans, P. O. Box 5667, St. John's NF A1C 5X1. |
| 520 | 3 |aMass-balance biomass models are being used globally as an efficient and useful method to systematize ecosystems and explore their properties... They represent the complexity of an ecosystem in a relatively simple way and are useful as a diagnostic tool... The model presented in this paper originated in a workshop that was held at the Northwest Atlantic Fisheries Centre, St. John's, NF, Canada 14-22 October 1993.--Page 1 |
| 546 | |aRésumé en français |
| 563 | |aSoftcover |
| 590 | |a00-16|b2000-04-20 |
| 690 | 07|aBiomass|2gcpds |
| 690 | 07|aFish|2gcpds |
| 690 | 07|aEcosystems|2gcpds |
| 690 | 07|aAtlantic provinces|2gcpds |
| 720 | 1 |aShelton, Peter A. |
| 720 | 1 |aBundy, Alida |
| 720 | 1 |aLilly, George R. |
| 776 | 0#|tA mass balance model of the Newfoundland-Labrador Shelf / |w(CaOODSP)9.574028 |
| 830 | #0|aCanadian technical report of fisheries and aquatic sciences,|x0706-6457|v2310|w(CaOODSP)9.514691 |